000 00444nam a2200205Ia 4500
008 240510s9999 xx 000 0 und d
020 _a0000471029394
041 _aEng
082 _a519.243
082 _bC51
100 _aCOCHRAN,William G.
245 0 _aSampling techniques
250 _a3rd ed.
260 _bNew York : John Wiley
260 _c1977
300 _a428 p.
650 _aSAMPLING
942 _2ddc
942 _cLBK
999 _c25382
_d25382
945 _a1
_bMadushi Gamage
_c1
_dMadushi Gamage